000
00300nam a22001337a 4500
008
171127b xxu||||| |||| 00| 0 eng d
020
_a
9780020103707
041
_a
eng
080
_a
612.39
100
_a
10
101
_a
NUT
245
_a
VEGETARIAN TIMES COOKBOOK
_c
HERBERT.T
942
_2
udc
_c
BK
999
_c
38530
_d
38530